00602nam a22001577a 450000500170000001000150001702000260003203500140005803700130007208200120008510000200009724501260011726000340024327001400027730000270041720180409161017.0 aENG-122488 a9789381951859c695.00 aEN-106020 bDBAD/PUB a954.022 aBhatnagar, V.S. aHalf a flight:cby V.S. Bhatnagarbnuruddin's memoirs of his master, crown price dara shukoh, son of emperor shah jahan / aJaipurbLiterary Circlec2018 aC-12/13, First Floor, Opp. Khandelwal Girls College, Sansar Chandra Road, bJaipure302001k2376922, 4004330mliterycirclejpr@yahoo.com a201p.bill. c21cm(Hb)